Plant functional types: the reverence to ecosystem properties and global change (Record no. 81966)
[ view plain ]
| 000 -LEADER | |
|---|---|
| fixed length control field | 01169nam a2200277 a 4500 |
| 008 - FIXED-LENGTH DATA ELEMENTS--GENERAL INFORMATION | |
| fixed length control field | 120416s1997 ||||||||||||||||| || u |
| 020 ## - INTERNATIONAL STANDARD BOOK NUMBER | |
| International Standard Book Number | 0521566436 |
| 050 ## - LIBRARY OF CONGRESS CALL NUMBER | |
| Classification number | QK 905 Pla |
| 100 ## - MAIN ENTRY--PERSONAL NAME | |
| Personal name | Smith, Thomas Michael, 1955- |
| 245 10 - TITLE STATEMENT | |
| Title | Plant functional types: the reverence to ecosystem properties and global change |
| Statement of responsibility, etc. | edited by T. M. Smith |
| 260 ## - PUBLICATION, DISTRIBUTION, ETC. | |
| Place of publication, distribution, etc. | Cambridge |
| Name of publisher, distributor, etc. | Cambridge University Press |
| Date of publication, distribution, etc. | 1997 |
| 300 ## - PHYSICAL DESCRIPTION | |
| Extent | xii, 369p. : ill. |
| 350 ## - | |
| -- | 0.00 |
| 490 ## - | |
| -- | International Geosphere-Biosphere Programme book series |
| 490 ## - | |
| -- | 1 |
| 500 ## - GENERAL NOTE | |
| General note | Bibliography |
| 650 ## - SUBJECT ADDED ENTRY--TOPICAL TERM | |
| Topical term or geographic name entry element | PLANTS |
| 650 ## - SUBJECT ADDED ENTRY--TOPICAL TERM | |
| Topical term or geographic name entry element | INTERNATIONAL GEOSPHERE--BIOSPHERE PROGRAM 'GLOBAL CHANGES' |
| 650 ## - SUBJECT ADDED ENTRY--TOPICAL TERM | |
| Topical term or geographic name entry element | CLIMATE CHANGE--COMESA |
| 650 ## - SUBJECT ADDED ENTRY--TOPICAL TERM | |
| Topical term or geographic name entry element | Vegetation and climate |
| 650 #0 - SUBJECT ADDED ENTRY--TOPICAL TERM | |
| Topical term or geographic name entry element | PLANT ECOPHYSIOLOGY |
| 700 ## - ADDED ENTRY--PERSONAL NAME | |
| Personal name | Woodward, F. I |
| 700 ## - ADDED ENTRY--PERSONAL NAME | |
| Personal name | Shugart, H. H |
| 995 ## - | |
| -- | ANNEX COLLECTION (Main Library) |
| -- | 0.00 |
| -- | 734547 |
| -- | CBU-MAIN LIBRARY (Kitwe) |
| -- | 1 |
| -- | 29.95 |
| -- | QK 905 Pla |
| -- | 1 |
| -- | AVAILABLE |
| -- | Apr 25, 2006 |
| -- | 47979 |
| -- | Annex Low-Usage Collection |
| 995 ## - | |
| -- | ANNEX COLLECTION (Main Library) |
| -- | 0.00 |
| -- | 729870 |
| -- | CBU-MAIN LIBRARY (Kitwe) |
| -- | 2 |
| -- | 29.95 |
| -- | QK 905 Pla |
| -- | 2 |
| -- | AVAILABLE |
| -- | 023794 |
| -- | Annex Low-Usage Collection |
| 999 ## - | |
| -- | 81966 |
| -- | 81966 |
| Withdrawn status | Lost status | Source of classification or shelving scheme | Damaged status | Not for loan | Permanent Location | Current Location | Shelving location | Date acquired | Total Checkouts | Full call number | Barcode | Date last seen | Copy number | Price effective from | Koha item type |
|---|---|---|---|---|---|---|---|---|---|---|---|---|---|---|---|
| CBU-MAIN LIBRARY, KITWE. | CBU-MAIN LIBRARY, KITWE. | 09/12/2023 | QK 905 Pla | 47979 | 09/12/2023 | 1 | 09/12/2023 | MONOGRAPH | |||||||
| CBU-MAIN LIBRARY, KITWE. | CBU-MAIN LIBRARY, KITWE. | 09/12/2023 | QK 905 Pla | 023794 | 09/12/2023 | 2 | 09/12/2023 | MONOGRAPH |